000 00320nam a22001337a 4500
003 SGT
020 _a0-19-807389-5
082 _a646.7
_bBAL
100 _aBALI, PARVINDER. S.
245 _aINTERNATIONAL CUISINE & FOOD PRODUCTION MANAGEMENT
260 _aDELHI
_bOXFORD PREES
_c2020
300 _a527
942 _2ddc
_cBK
999 _c21070
_d21070